Teorii deneg

Guardado en:
Detalles Bibliográficos
Autor principal: Usoskin, Valentin Markovič
Formato: Libro
Lenguaje:ruso
Publicado: Moskva Mysl' 1976
Etiquetas: Agregar Etiqueta
Sin Etiquetas, Sea el primero en etiquetar este registro!

MARC

LEADER 00000nam a2200000 4500
001 c120367
005 20041019155216.8
041 0 |a rus 
044 |a RU 
245 1 0 |a Teorii deneg  |c Valentin Markovič Usoskin 
264 1 |a Moskva  |b Mysl'  |c 1976 
300 |a 226 s. 
100 1 |a Usoskin, Valentin Markovič